000
00196pam a2200097 a 4500
020
_c
041
_a
eng
245
_a
Pandit Jawaharlal Neharu
_h
Textual Documents
300
_a
159p.
930
_a
15294
999
_c
92194
_d
92194